| 000 | 00517nam a22001337a 4500 | ||
|---|---|---|---|
| 008 | 230627b |||||||| |||| 00| 0 eng d | ||
| 040 |
_aNational Science Library _cNational Science Library |
||
| 080 |
_a622.012.2(082.2) _bP5 |
||
| 245 |
_aNational seminar on policies, statutes & Legislation in mines: _bPostale 2005, July 30-31, 2005 _c/ Central Mining Research Institute, Dhandbad |
||
| 260 |
_aDhandbad: _bCentral Mining Research Institute, _c2005 |
||
| 650 | _aGeography | ||
| 653 | _aMines | ||
| 942 |
_2udc _cWOR |
||
| 999 |
_c47916 _d47916 |
||